000 02176cam a22004094i 4500
003 PE-LiUPU
005 20250731184548.0
008 150625s r 000 0 d
035 _a(Sirsi) a32740
040 _aPE-LiUPU
_bspa
_cPE-LiUPU
_erda
082 0 4 _a985
_bM58
_221
100 1 _aZanutelli Rosas, Manuel,
_eautor.
245 1 0 _aHistoria del siglo XVIII.
_n4.
264 1 _aLima Perú :
_bMilla Batres,
_c1993.
300 _a697 PG :
_bilustraciones,fotos,mapas.
336 _atext
_2rdacontent
337 _aunmediated
_2rdamedia
338 _avolume
_2rdacarrier
505 0 _aGobernantes del Perú. -Virrey Diego Ladrón de Guevara. -Gobierno del virrey Carmine Nicolás de Caracciolo. -Gobierno del virrey Fray Diego de Morcillo. -Gobierno del virrey José de Amendáriz Marquéz de Castellfuerte. -Gobierno del Virrey José Antonio de Mendoza, Marquéz de VillaGarcía. -Gobierno del virrey Antonio Manso de Velasco, Conde de Superunda. -Gobierno del virrey Manuel de Amat y Juniet. -Gobierno del virrey Manuel de Guirior. -gobierno del virrey Agustín Jáuregui. -Gobierno del virrey Teodoro de Croix. -Gobierno del virrey Francisco Gil de Taboada y Lemos. -Gobierno del virrey Ambrosio O'Higgins. -Gobierno del virrey Gabriel de Avil's. -Gobierno del virrey José Fernando de Abascal. -Siglo XVIII-Virreyes y reformas. -Arte virreynal del Perú(siglos XVI-XVIII). -Literatura Colonial peruana siglos XVI-XIX (1815). -Panorama de la economía colonial siglos XVII-XVIII. -Ciudades y puertos.
526 _aP136
526 _aP135
526 _aP134
526 _aP133
526 _aP144
526 _aP143
526 _aP87
526 _aP35
526 _aP20
526 _aP14
526 _aP10
526 _aP06
942 _2ddc
_cBOOK
949 _a985 M58 4
_wDEWEY
_c1
_i38350
_lCCODEBUL1
_mBUL
_p00.00
_r0
_sY
_tBOOK
_u2015-06-25
_xBIBLIOTECA
_zUNKNOWN
_0COMPRA
_o.STAFF. Colección General
596 _a1
999 _a985 M58 4
_wDEWEY
_c40426
_i38350
_d40426
_e2016-5-15
_f2021-11-9
_g5
_lCCODEBUL1
_mBUL
_n1
_r0
_sY
_tBOOK
_u2015-6-25
_xEDUCACION
_zUNKNOWN
_0COMPRA
_o.STAFF. Colección General
980 _81
_gALBERTO SANCHEZ Responsable de Automatización